00816nam a22001817a 4500003000400000082001600004245009500020260003600115300001000151546001200161650006600173650007300239650009800312700002300410942001300433999001900446952016900465OSt a577bGUN/RE aResidue reviews V.15:bresidues of pesticides and other foreign chemicals in food and feed aBerlinbSpringer - verlagc1966 a121p. aEnglish aPesticides and food additives in sugarcane and sugar products aThe present situation of toxicology in the field of crop protection  aRecovery, separation and identification of organic pesticides from natural and potable waters aGunther, Francis A 2ddccREF c162880d162880 00102ddc40718REFaKAUCLVbKAUCLVcREFd2018-12-10l0o577 GUN/REp906546r2018-12-10 00:00:00w2018-12-10yREFzBook transferred from CoH Library, Acc.No: 12774